Welcome to the Holygrace Academy Library

Please use search bar below to get started

THE FAMILY AT RED - ROOFS (Record no. 221)

MARC details
000 -LEADER
fixed length control field 00673nam a22001457a 4500
020 ## - INTERNATIONAL STANDARD BOOK NUMBER
ISBN 0-7497-0817-4
082 ## - DEWEY DECIMAL CLASSIFICATION NUMBER
Classification number 823
Item number BLY/F
100 ## - MAIN ENTRY--AUTHOR NAME
Personal name ENID BLYTON
245 ## - TITLE STATEMENT
Title THE FAMILY AT RED - ROOFS
260 ## - PUBLICATION, DISTRIBUTION, ETC. (IMPRINT)
Place of publication GREAT BRITAIN
Name of publisher MAMMOTH
Year of publication 1945
300 ## - PHYSICAL DESCRIPTION
Number of Pages 163
520 ## - SUMMARY, ETC.
Summary, etc MOLLY, PETER, MICHAEL AND SHIRLEY ARE THRILLED WITH THEIR LOVELY NEW HOUSE ON THE HILL. IT'S JUST PERFEVT AND THEY'VE HEARED IT'S A LUCKU HOUSE TOO. BUT THE LUCK DOESN'T LAST LONG. THEIR FATHER GOES TO WORK ABROAD, AND THEIR MOTHER HAS TO GO TO HOSPITAL. AND THEN THEY RECEIVE SOME TERRIBLE NEWS WHICH IS TO CHANGE THEIR LIVES COMPLETELY...
650 ## - SUBJECT ADDED ENTRY--TOPICAL TERM
Topical Term CHILDREN'S STORY BOOK
Geographic subdivision UNITED KINGDOM
942 ## - ADDED ENTRY ELEMENTS (KOHA)
Koha item type Books
Holdings
Withdrawn status Lost status Collection code Home library Current library Shelving location Date acquired Full call number Accession Number Koha item type
    Fiction Main Library Main Library SHELF-12D-ENID BLYTON FAMOUS FIVE 13/03/2002 823 BLY/F 00092 Books